Contabilidade pública : (Record no. 897)

MARC details
000 -LÍDER
Campo Fixo de Controle 00989nam a2200289 a 4500
001 - NÚMERO DE CONTROLE
Campo de Controle 897
003 - IDENTIFICAÇÃO DO NÚMERO DE CONTROLE
Campo de Controle BR-CuiBMT
005 - DATA E HORA DA ÚLTIMA ATUALIZAÇÃO
Campo de Controle 20231122205834.0
008 - DADOS FIXOS
Dados Fixos 231113s2004 spba 001 0 por d
020 ## - INTERNATIONAL STANDARD BOOK NUMBER
Nº do ISBN 9788502067554
040 ## - AGÊNCIA CATALOGADORA
Código da Agência Catalogadora BR-CuiBMT
Agência que transcreveu o registro BR-CuiBMT
080 ## - Nº DA CLASSIFICAÇÃO DECIMAL UNIVERSAL
Nº Class. CDU 657:336.13
Nº edição CDU 2007
090 ## - NÚMERO DE CHAMADA
Nº classificação 657:336.13
Cutter A663c
100 1# - ENTRADA PRINCIPAL -- AUTOR PESSOAL
Nome pessoal Araújo, Inaldo da Paixão Santos,
Datas associadas ao nome 1964-
245 10 - TÍTULO PRINCIPAL
Título principal Contabilidade pública :
Subtítulo da teoria à prática /
Indicação de responsabilidade Inaldo da Paixão Santos Araújo, Daniel Gomes Arruda ;
260 ## - PUBLICAÇÃO, DISTRIBUIÇÃO, ETC.
Local de publicação São Paulo :
Editora Saraiva,
Data 2004.
300 ## - DESCRIÇÃO FÍSICA
N. páginas ou volumes 292 p. :
Ilustrações il. ;
Dimensões 24 cm
500 ## - NOTAS GERAIS
Notas gerais Edição atualizada conforme a Lei de Responsabilidade Fiscal.
504 ## - NOTA DE BIBLIOGRAFIA, ETC.
Nota de bibliografia Inclui bibliografia e índice.
650 ## - ASSUNTO TÓPICO
Cabeçalho tópico ou nome geográfico Contabilidade pública
Subdivisão geral Legislação
Subdivisão geográfica Brasil
650 ## - ASSUNTO TÓPICO
Cabeçalho tópico ou nome geográfico Orçamento público
Subdivisão geral Contabilidade
650 ## - ASSUNTO TÓPICO
Cabeçalho tópico ou nome geográfico Despesa pública
Subdivisão geográfica Brasil
650 ## - ASSUNTO TÓPICO
Cabeçalho tópico ou nome geográfico Receita pública
650 ## - ASSUNTO TÓPICO
Cabeçalho tópico ou nome geográfico Balanço financeiro
Subdivisão geográfica Brasil
700 1# - ENTRADA SECUNDÁRIA -- NOME PESSOAL
Nome pessoal Arruda, Daniel Gomes
942 ## - ELEMENTOS DE ENTRADA ADICIONAIS (KOHA)
Fonte de classificação ou esquema de arquivamento Classificação Decimal Universal
Tipo de item do Koha Livros
Holdings
Estado: removido Estado: perdido Fonte de classificação ou esquema de arquivamento Estado: danificado Indisponível para empréstimo Localização permanente Localização atual Data de aquisição Total Checkouts Número de Chamada completo Código de barras Date last seen Número do exemplar Preço efetivo a partir de Tipo de item (Koha)
    Classificação Decimal Universal     Biblioteca da Escola Superior de Contas do TCE/MT Biblioteca da Escola Superior de Contas do TCE/MT 23/09/2008   657:336.13 A663c BIBTCEMT23110887 22/11/2023 Ex. 1 22/11/2023 Livros

Powered by Koha